000 00617nam a2200205 a 4500
001 000016620
005 20200929164934.0
008 100308s1987 dr 000 0 spa d
040 _aDO-SdBNP
_bspa
_cBNPHU
041 1 7 _aspa
_beng
082 _axxx
_bB736c
100 1 _aBornia, Ligia de
_922137
245 1 0 _aComidas típicas dominicanas = dominican typical meals /
_cLigia de Bornia; traducido por Virginia de Vega.
246 1 1 _aDominican typical meals
250 _a3a ed.
260 _aSanto Domingo :
_bTaller,
_c1987.
300 _a132 p. ;
_c21 cm.
700 1 _aVega, Virginia de
_936923
049 _aBNPD
999 _c16153
_d16153